000 00528nam a2200181Ia 4500
008 240925s9999 xx 000 0 und d
020 _a9780070588837
082 _a515.2433 SPI
100 _aSpiegel, Murray R
245 0 _aSchaums Outlines Fourier Analysis: with applications to boundary value problems
250 _aNA
260 _aNew Delhi:
_bTata McGraw Hill
_c,2004.
300 _a284p.
_bNA
_fOriginal
500 _aIncludes Index
600 _aHumanities & Natural Science
650 _aMathematics
942 _cBK
999 _c17085
_d17085